Chính sách liên kết doanh nghiệp có vốn đầu tư nước ngoài với doanh nghiệp nhỏ và vừa trong nước /

Spremljeno u:
Bibliografski detalji
Glavni autor: Lê Xuân Sang.
Daljnji autori: Dương Nhật Huy.
Format: Članak
Jezik:Vietnamese
Teme:
Oznake: Dodaj oznaku
Bez oznaka, Budi prvi tko označuje ovaj zapis!
Thư viện lưu trữ: Thư viện Trường Đại học Đà Lạt
LEADER 00924nam a2200265 4500
001 DLU170181812
005 ##20171109
040 # # |a DLU  |b vie 
041 # # |a vie 
044 # # |a vn 
100 # # |a Lê Xuân Sang. 
245 # # |a Chính sách liên kết doanh nghiệp có vốn đầu tư nước ngoài với doanh nghiệp nhỏ và vừa trong nước /  |c Lê Xuân Sang, Dương Nhật Huy. 
653 # # |a Doanh nghiệp nhỏ và vừa  
653 # # |a Liên kết doanh nghiệp FDI và doanh nghiệp nội địa 
653 # # |a Thu hút đầu tư 
700 # # |a Dương Nhật Huy. 
773 # # |t Nghiên cứu kinh tế  |g Số 6(457), 2016, tr. 3-12 
920 # # |a Phòng Tạp chí -- Trung tâm Thông tin - Thư viện Trường Đại học Đà Lạt 
900 # # |a True 
911 # # |a Nguyễn Thị Thu Phương 
925 # # |a G 
926 # # |a A 
927 # # |a BB 
980 # # |a Thư viện Trường Đại học Đà Lạt